Regiones de Marruecos en un Mapa - Estadísticas

Estadísticas generales
  • Esta prueba ha sido intentada 42 veces
  • La puntuación promedio es 5 de 12
Respuestas en el mapa
Las respuestas están codificadas por una escala verde-roja en el mapa de la prueba según el % correcto abajo.
 
Estadísticas de respuestas
Código Respuesta % Correcto
1 Tánger-Tetuán-Alhucemas
96%
6 Casablanca-Settat
88%
7 Marrakech-Safí
88%
4 Rabat-Salé-Kenitra
83%
3 Fez-Mequinez
71%
11 El Aaiún-Saguía el-Hamra
38%
5 Beni Melal-Jenifra
17%
12 Dajla-Río de Oro
17%
2 Oriental
17%
9 Sus-Masa
13%
10 Guelmim-Río Noun
8%
8 Draa-Tafilalet
4%
No se encontraron pruebas coincidentes
Distribución de puntuación
Porcentaje de gente con cada puntuación
Porcentaje por número respondido
Historial de tus puntuaciones
No has intentado esta prueba.